[Event "68th ch-RUS HL w 2018"]
[Site "Yaroslavl RUS"]
[Date "2018.07.03"]
[Round "7.10"]
[White "Diakonova, Ekaterina"]
[Black "Voit, Daria"]
[Result "0-1"]
[BlackTitle "FM"]
[WhiteElo "2212"]
[BlackElo "2380"]
[WhiteFideId "24172936"]
[BlackFideId "4182146"]
[EventDate "2018.06.26"]

1. e4 e6 2. d4 d5 3. Nd2 Nf6 4. e5 Nfd7 5. Ne2 c5 6. c3 Nc6 7. Nf3 cxd4 8. cxd4
f6 9. Nf4 Bb4+ 10. Bd2 Qe7 11. exf6 Nxf6 12. Bb5 O-O 13. Bxc6 bxc6 14. Nd3 Bd6
15. Qa4 Bd7 16. Qc2 Ne4 17. O-O Rac8 18. b4 Rxf3 19. gxf3 Ng5 20. Bxg5 Qxg5+ 21.
Kh1 Qh5 22. f4 Qf3+ 23. Kg1 Rf8 24. Qd1 Qe4 25. Ne5 Rxf4 26. Qe1 Rg4+ 27. Nxg4
Qxg4+ 28. Kh1 Qf3+ 29. Kg1 Qg4+ 30. Kh1 Qf4 31. Kg2 Qxh2+ 32. Kf3 Qf4+ 33. Ke2
Qe4+ 34. Kd1 Qd3+ 35. Kc1 Bf4+ 36. Kb2 Bd2 37. Qd1 Qc3+ 38. Kb1 e5 39. Qc2 Qxb4+
40. Qb3 Bf5+ 41. Kb2 Bc3+ 42. Kc1 Qxb3 0-1

[Event "68th ch-RUS HL w 2018"]
[Site "Yaroslavl RUS"]
[Date "2018.07.03"]
[Round "7.11"]
[White "Belenkaya, Dina"]
[Black "Khokhlova, Daria"]
[Result "1-0"]
[WhiteTitle "WGM"]
[WhiteElo "2308"]
[BlackElo "2198"]
[WhiteFideId "24142654"]
[BlackFideId "24182729"]
[EventDate "2018.06.26"]

1. e4 c5 2. Nf3 g6 3. d4 cxd4 4. Nxd4 Nc6 5. Nb3 Bg7 6. Be2 Nf6 7. Nc3 O-O 8.
O-O d6 9. Re1 Bd7 10. Bg5 Rc8 11. Bf1 Ne5 12. Nd5 Nxd5 13. exd5 Re8 14. c3 Ba4
15. Re4 Bd7 16. Qd2 f5 17. Rh4 Nf7 18. Rb4 Nxg5 19. Qxg5 b6 20. Qg3 a5 21. Rc4
Rxc4 22. Bxc4 b5 23. Be2 Qa8 24. Bf3 a4 25. Nd4 a3 26. b3 Bxd4 27. cxd4 Qa5 28.
Rd1 Qc3 29. h4 Qb2 30. h5 Kf7 31. Qg5 Kg7 32. Re1 e5 33. dxe6 Rxe6 34. Rxe6 Bxe6
35. Qe7+ Bf7 36. h6+ Kxh6 37. Qxf7 Qxa2 38. Qf8+ Kg5 39. Qe7+ Kh6 40. Qe3+ Kg7
41. Kh2 Qc2 42. Bd5 Qc7 43. b4 Qa7 44. Ba2 Qb6 45. Qe7+ Kh6 46. Qf8+ Kg5 47. Qg7
Qc6 48. Qe7+ Kh6 49. Qe3+ Kg7 50. Qxa3 Qc2 51. Qa7+ Kh6 52. d5 f4 53. g3 g5 54.
Kg2 Qe4+ 55. f3 Qxb4 56. g4 Kg6 57. Qf2 Kg7 58. Qe2 h6 59. Qe7+ Kg6 60. Kh3 h5
61. Qe6+ Kg7 62. Qd7+ Kf8 63. gxh5 Qa3 64. Qf5+ Ke8 65. Qe4+ Kd8 66. Bb1 Qc1 67.
Kg4 Qg1+ 68. Kf5 g4 69. fxg4 f3 70. Bd3 f2 71. Bxb5 f1=Q+ 72. Bxf1 Qxf1+ 73. Kg6
Qf8 74. Qe6 1-0

[Event "68th ch-RUS HL w 2018"]
[Site "Yaroslavl RUS"]
[Date "2018.07.03"]
[Round "7.12"]
[White "Semenova, Elena1"]
[Black "Potapova, Margarita"]
[Result "1/2-1/2"]
[WhiteTitle "WIM"]
[BlackTitle "WFM"]
[WhiteElo "2238"]
[BlackElo "2302"]
[WhiteFideId "24125148"]
[BlackFideId "14126869"]
[EventDate "2018.06.26"]

1. e4 e5 2. Nf3 d6 3. d4 exd4 4. Nxd4 Nf6 5. Nc3 Be7 6. g3 d5 7. e5 Ng4 8. e6
Nf6 9. exf7+ Kxf7 10. Bg2 c6 11. O-O Re8 12. Re1 Na6 13. Bg5 Kg8 14. Ne6 Bxe6
15. Rxe6 Nc5 16. Re1 d4 17. Ne2 Ne6 18. Bd2 Qb6 19. Nc1 Bf8 20. Nb3 a5 21. Bh3
Nc7 22. Rxe8 Ncxe8 23. a4 Nd6 24. Qe1 Re8 25. Qf1 Ra8 26. Qe1 Re8 27. Qf1 Ra8
28. Qe1 Re8 1/2-1/2

[Event "68th ch-RUS HL w 2018"]
[Site "Yaroslavl RUS"]
[Date "2018.07.03"]
[Round "7.13"]
[White "Getman, Tatyana"]
[Black "Paramzina, Anastasya"]
[Result "1-0"]
[WhiteTitle "WFM"]
[BlackTitle "WGM"]
[WhiteElo "2146"]
[BlackElo "2255"]
[WhiteFideId "34166146"]
[BlackFideId "4165012"]
[EventDate "2018.06.26"]

1. d4 Nf6 2. c4 g6 3. Nc3 Bg7 4. e4 O-O 5. Nf3 d6 6. h3 Na6 7. Bg5 Qe8 8. Be2 e5
9. d5 Nh5 10. Qd2 Nf4 11. Bxf4 exf4 12. O-O Nc5 13. Rfe1 a5 14. Bf1 a4 15. Nb5
Qe7 16. Rab1 g5 17. b4 axb3 18. axb3 Nxe4 19. Qc2 f5 20. Bd3 c6 21. Nbd4 cxd5
22. cxd5 Qf7 23. Ne6 Bxe6 24. dxe6 Qe7 25. Bxe4 fxe4 26. Qxe4 Ra5 27. b4 Raf5
28. Rbc1 Be5 29. b5 Bb2 30. Rc2 Ba3 31. Rc8 Rxc8 32. Qxf5 Rc5 33. Qd3 Bb2 34. b6
Bf6 35. Qb3 Kh8 36. Qa4 Rc6 37. Nd4 Rc5 38. Qd7 Kg7 39. Nb3 Rc6 40. Ra1 Rxb6 41.
Nd4 Qxd7 42. exd7 Rb4 43. Nf3 h5 44. Nh2 Kf7 45. Ra8 Rb1+ 46. Nf1 g4 47. d8=Q
Bxd8 48. Rxd8 Ke6 49. Rh8 Rb5 50. Rh6+ Kd7 51. hxg4 hxg4 52. Rg6 Rf5 53. Rxg4 b5
54. g3 f3 55. Rf4 Ke6 56. Rxf5 Kxf5 57. Nd2 b4 58. Nxf3 Ke4 59. Nd2+ Kd3 60. Nb3
Kc2 61. Nd4+ Kd3 62. Nb3 Kc2 63. Nd4+ Kd3 64. Nb5 b3 65. Na3 Kc3 66. Kf1 Kb2 67.
Nb5 Kc2 68. Nd4+ Kc3 69. Nxb3 Kxb3 70. g4 Kc4 71. Ke2 Kc3 72. Kd1 Kd4 73. g5 Ke5
74. f4+ Kf5 75. Kd2 1-0

[Event "68th ch-RUS HL w 2018"]
[Site "Yaroslavl RUS"]
[Date "2018.07.03"]
[Round "7.14"]
[White "Garifullina, Leya"]
[Black "Goltseva, Ekaterina"]
[Result "0-1"]
[WhiteTitle "WCM"]
[BlackTitle "WFM"]
[WhiteElo "2131"]
[BlackElo "2260"]
[WhiteFideId "34127035"]
[BlackFideId "24173770"]
[EventDate "2018.06.26"]

1. e4 e6 2. d4 d5 3. Nc3 Nf6 4. Bg5 dxe4 5. Nxe4 Be7 6. Bxf6 gxf6 7. Qd2 a6 8.
g3 f5 9. Nc3 c5 10. d5 Bf6 11. Bg2 O-O 12. O-O-O Ra7 13. Nge2 b5 14. Qe3 Qa5 15.
a3 b4 16. axb4 Qxb4 17. Qf4 a5 18. Na4 c4 19. dxe6 fxe6 20. c3 Qxa4 21. Qxb8 Bb7
22. Qxa7 Bxg2 23. Rhg1 Qa1+ 24. Kd2 Rd8+ 25. Ke3 Rxd1 26. Rxg2 Rd3+ 27. Kf4 Qb1
28. g4 Rf3+ 29. Kxf3 Qe4+ 30. Kg3 Qxg4# 0-1

[Event "68th ch-RUS HL w 2018"]
[Site "Yaroslavl RUS"]
[Date "2018.07.03"]
[Round "7.15"]
[White "Maltsevskaya, Aleksandra"]
[Black "Legenko, Ksenia"]
[Result "1-0"]
[BlackTitle "WFM"]
[WhiteElo "2279"]
[BlackElo "2079"]
[WhiteFideId "24174041"]
[BlackFideId "4192265"]
[EventDate "2018.06.26"]

1. c4 e6 2. g3 d5 3. Bg2 Nf6 4. Nf3 c5 5. cxd5 Nxd5 6. O-O Nc6 7. d4 cxd4 8.
Nxd4 Bc5 9. Nb3 Be7 10. Bd2 O-O 11. Nc3 Bf6 12. Qc1 Nd4 13. Nxd4 Bxd4 14. Rd1
Qb6 15. e3 Bxc3 16. Bxc3 Bd7 17. Bd4 Qb5 18. Bf1 Qc6 19. Qd2 Rfd8 20. Rac1 Qd6
21. e4 Nb6 22. Qe3 e5 23. Bc5 Qe6 24. Rd6 Qe8 25. Bxb6 axb6 26. Qxb6 Bc6 27.
Rxd8 Rxd8 28. f3 Rd2 29. b4 Rxa2 30. b5 Bd7 31. Qxb7 h6 32. b6 Be6 33. Qc7 Qa4
34. Qc3 Ra3 35. Qc5 Rb3 36. Bc4 Bxc4 37. Rxc4 Rb1+ 38. Kg2 Qd1 39. Qc8+ Kh7 40.
Qf5+ 1-0

[Event "68th ch-RUS HL w 2018"]
[Site "Yaroslavl RUS"]
[Date "2018.07.03"]
[Round "7.16"]
[White "Vinokur, Yuliya"]
[Black "Afonasieva, Anna"]
[Result "0-1"]
[WhiteTitle "WFM"]
[BlackTitle "WFM"]
[WhiteElo "2131"]
[BlackElo "2217"]
[WhiteFideId "34127515"]
[BlackFideId "24173606"]
[EventDate "2018.06.26"]

1. Nf3 d5 2. c4 c6 3. b3 Nf6 4. Bb2 Bf5 5. g3 h6 6. Bg2 e6 7. O-O Be7 8. d3 O-O
9. Nbd2 Nbd7 10. a3 a5 11. Qc2 Bh7 12. Bc3 Qc7 13. Qb2 c5 14. cxd5 exd5 15. Rac1
Qb6 16. d4 Rfe8 17. Rfd1 a4 18. b4 cxb4 19. Bxb4 Bxb4 20. axb4 Rxe2 21. Qc3 Ree8
22. Re1 Rxe1+ 23. Rxe1 Ne4 24. Nxe4 Bxe4 25. Ne5 Nxe5 26. Bxe4 dxe4 27. dxe5 a3
28. Ra1 a2 29. Qc2 e3 30. Rxa2 Rxa2 31. Qxa2 exf2+ 32. Qxf2 Qxb4 33. Qe2 Qc5+
34. Kf1 b5 35. Ke1 b4 36. g4 b3 37. e6 Qc3+ 38. Kd1 Qa1+ 39. Kd2 Qb2+ 0-1

[Event "68th ch-RUS HL w 2018"]
[Site "Yaroslavl RUS"]
[Date "2018.07.03"]
[Round "7.17"]
[White "Loskutova, Viktoriya"]
[Black "Baraeva, Marina"]
[Result "0-1"]
[BlackTitle "WIM"]
[WhiteElo "2096"]
[BlackElo "2210"]
[WhiteFideId "34166278"]
[BlackFideId "24142573"]
[EventDate "2018.06.26"]

1. e4 e6 2. d4 d5 3. Nc3 dxe4 4. Nxe4 Nd7 5. Nf3 Ngf6 6. Bg5 h6 7. Nxf6+ Nxf6 8.
Bh4 c5 9. dxc5 Qa5+ 10. c3 Qxc5 11. Bxf6 gxf6 12. Qb3 a6 13. Be2 Bd6 14. Rd1 b6
15. Qa4+ Bd7 16. Qh4 Be7 17. O-O h5 18. Nd4 b5 19. Rfe1 Rd8 20. Bf3 f5 21. Qg3
Kf8 22. Nb3 Qb6 23. Qe5 Rh6 24. Qf4 Kg7 25. Rd3 Bc6 26. Rxd8 Bxd8 27. Qe5+ Kh7
28. Bxc6 Qxc6 29. Rd1 Rg6 30. g3 Bf6 31. Qe2 h4 32. Nd4 Qb6 33. Kg2 f4 34. Qe4
fxg3 35. fxg3 hxg3 36. hxg3 Qd6 37. Rd3 Bxd4 38. Qh4+ Kg7 39. Rxd4 Qe5 40. Qf4
Qxf4 41. Rxf4 e5 42. Rf2 Rd6 43. Kh3 Kg6 44. Kg4 Rd3 45. Re2 f5+ 46. Kh4 Kf6 47.
Rf2 Rd1 48. Kh3 Kg5 49. Re2 Rd5 50. b3 e4 51. c4 bxc4 52. bxc4 Rc5 53. Rc2 f4
54. gxf4+ Kxf4 55. Kg2 Ke3 56. Kf1 Kd3 57. Rb2 Rxc4 58. Rb3+ Rc3 59. Rb1 Rc2 60.
Rb3+ Kd2 61. Rh3 Rc1+ 62. Kf2 Rc6 63. Rb3 Rf6+ 64. Kg2 e3 65. Rb2+ Kd1 66. Rb7
e2 67. Rd7+ Ke1 68. Re7 Rg6+ 69. Kh2 Rg5 70. Re8 Kd2 71. Rd8+ Ke3 72. Re8+ Kd3
73. Re7 Rg4 0-1

[Event "68th ch-RUS HL w 2018"]
[Site "Yaroslavl RUS"]
[Date "2018.07.03"]
[Round "7.18"]
[White "Shafigullina, Zarina"]
[Black "Yakushina, Ekaterina"]
[Result "1-0"]
[WhiteTitle "WFM"]
[WhiteElo "2191"]
[BlackElo "1886"]
[WhiteFideId "24174220"]
[BlackFideId "34166014"]
[EventDate "2018.06.26"]

1. Nf3 Nf6 2. g3 g6 3. Bg2 Bg7 4. d4 O-O 5. O-O d5 6. c4 dxc4 7. Na3 c3 8. bxc3
c5 9. Ne5 Nc6 10. Nac4 Be6 11. Nxc6 bxc6 12. Ne5 Bd5 13. Nxc6 Qc7 14. Ne5 Bxg2
15. Kxg2 Nd5 16. Qb3 cxd4 17. cxd4 Nc3 18. Re1 Rab8 19. Qc2 Bxe5 20. dxe5 Rbc8
21. Bf4 Rfd8 22. Kg1 g5 23. Bxg5 Qxe5 24. Bf4 Qe6 25. Qb2 Rc4 26. Rac1 Rdc8 27.
Ra1 Nd5 28. Bg5 Rc2 29. Qb7 R8c7 30. Qa8+ Kg7 31. Rad1 Nb6 32. Qf3 Rxa2 33. Rd3
Ra5 34. Bd2 Rac5 35. h4 Qf5 36. Qe3 Qg6 37. Bc3+ f6 38. Bd4 R5c6 39. Qf3 e5 40.
h5 Qf7 41. Qg4+ Kf8 42. Bxb6 Rxb6 43. Rd8+ Ke7 44. Red1 Rbb7 45. h6 a5 46. Qg7
Ke6 47. R8d6+ Ke7 48. Rxf6 Qxg7 49. hxg7 Rc8 50. Rdd6 Rg8 51. Rde6+ Kd7 52. Rxe5
Rxg7 53. Rxa5 Re7 54. e3 Rb1+ 55. Kg2 Rb2 56. Ra7+ Ke8 57. Rxe7+ Kxe7 58. Rh6
Kf7 59. Rxh7+ Kg6 60. Rd7 Rc2 61. Kf3 Ra2 62. g4 Rb2 63. Kg3 Rb3 64. Rd6+ Kf7
65. Kf4 Rb4+ 66. e4 Rb2 67. f3 Rb3 68. g5 Ra3 69. Kg4 Ra4 70. Kf5 Ra5+ 71. e5
Ra3 72. f4 Ra4 73. g6+ Kg7 74. Rd7+ Kf8 75. Kg5 Ra1 76. Kf6 Ra6+ 77. e6 Ra8 78.
e7+ Ke8 79. Rd8+ 1-0

[Event "68th ch-RUS HL w 2018"]
[Site "Yaroslavl RUS"]
[Date "2018.07.03"]
[Round "7.19"]
[White "Lingur, Zalina"]
[Black "Faizutdinova, Diana"]
[Result "1-0"]
[WhiteTitle "WFM"]
[WhiteElo "2101"]
[BlackElo "2046"]
[WhiteFideId "34165670"]
[BlackFideId "24143731"]
[EventDate "2018.06.26"]

1. e4 c5 2. Nf3 Nf6 3. e5 Nd5 4. Nc3 Nxc3 5. dxc3 e6 6. Bd3 Nc6 7. Qe2 h6 8. Bf4
d5 9. exd6 Bxd6 10. Bxd6 Qxd6 11. O-O-O Qe7 12. Rd2 a6 13. Rhd1 O-O 14. Be4 Na5
15. Ne5 Rb8 16. Rd3 f5 17. Bf3 Qf6 18. Kb1 b5 19. Rd6 Kh7 20. Bh5 c4 21. Ng6 Rg8
22. Nf4 g6 23. Bf3 Re8 24. a3 Nb7 25. Rb6 Qg7 26. g3 Qc7 27. Rc6 Qg7 28. Nxg6
Qxg6 29. Bh5 Qg8 30. Rc7+ 1-0

[Event "68th ch-RUS HL w 2018"]
[Site "Yaroslavl RUS"]
[Date "2018.07.03"]
[Round "7.20"]
[White "Bocharova, Ulyana"]
[Black "Bulatova, Kamaliya"]
[Result "1-0"]
[BlackTitle "WFM"]
[WhiteElo "1874"]
[BlackElo "2051"]
[WhiteFideId "24174513"]
[BlackFideId "34111546"]
[EventDate "2018.06.26"]

1. d4 Nf6 2. c4 e6 3. Nf3 d5 4. Nc3 Bb4 5. Bg5 h6 6. Bxf6 Bxc3+ 7. bxc3 Qxf6 8.
e3 O-O 9. cxd5 exd5 10. c4 dxc4 11. Bxc4 Nd7 12. O-O Nb6 13. Be2 Bf5 14. Rc1
Rac8 15. Qb3 Be6 16. Qc2 Rfd8 17. Rfd1 Bg4 18. h3 Bd7 19. Nd2 Qg5 20. Ne4 Qh4
21. Nc5 Bc6 22. e4 Nd7 23. Bg4 Nxc5 24. Bxc8 Nxe4 25. Bf5 Nf6 26. Qd2 Rd5 27.
Rc5 g6 28. Rxd5 Nxd5 29. Bg4 Nb6 30. Qd3 Bd5 31. a3 c6 32. Bf3 Be6 33. Qe4 Qe7
34. Qe3 Nc4 35. Qxh6 Qd6 36. Qh4 Nxa3 37. d5 cxd5 38. Bxd5 Bxd5 39. Qd4 b5 40.
Qxd5 Qxd5 41. Rxd5 a5 42. Kf1 a4 43. Ke2 b4 44. Kd3 Kg7 45. Rd4 b3 46. Rb4 Nc2
47. Rxa4 Ne1+ 48. Kc3 Nxg2 49. Kxb3 Ne1 50. Kc4 Nf3 51. Kd5 f5 52. Ra3 Ng5 53.
Ke5 Nf7+ 54. Kf4 Kh6 55. Ra6 Kh5 56. Ra7 Ng5 57. Ra8 Nxh3+ 58. Kg3 Ng1 59. Re8
f4+ 60. Kg2 1-0

[Event "68th ch-RUS HL w 2018"]
[Site "Yaroslavl RUS"]
[Date "2018.07.03"]
[Round "7.21"]
[White "Sukhareva, Evgeniya"]
[Black "Ustich, Ekaterina"]
[Result "1-0"]
[WhiteElo "2234"]
[BlackElo "2028"]
[WhiteFideId "4167155"]
[BlackFideId "24179221"]
[EventDate "2018.06.26"]

1. d4 Nf6 2. c4 g6 3. Nc3 Bg7 4. e4 d6 5. f3 O-O 6. Bg5 h6 7. Be3 Nfd7 8. Qd2 e5
9. d5 a5 10. Bd3 Na6 11. Nge2 Ndc5 12. Bc2 Kh7 13. g4 Nb4 14. h4 Nxc2+ 15. Qxc2
Bd7 16. h5 g5 17. O-O Na6 18. a3 b6 19. Kg2 Qc8 20. Kg3 Qb7 21. Nb5 Rfb8 22. b3
Qc8 23. Qc3 Qe8 24. Qd3 Rb7 25. Nec3 Qc8 26. Rfb1 Rbb8 27. Qd2 Nc5 28. Qc2 Na6
29. Qe2 Nc5 30. Qd1 Nb7 31. b4 Bf8 32. Qd3 Be7 33. Ne2 axb4 34. axb4 Bxb5 35.
cxb5 Rxa1 36. Rxa1 Nd8 37. Qc4 Rb7 38. Ra6 Qb8 39. Qa2 Qc8 40. Ra8 Rb8 41. Ra7
Bf8 42. Kh3 Kg8 43. Ng3 Kh8 44. Nf5 Kh7 45. Qa3 Kg8 46. Qc1 Rb7 47. Ra6 Qb8 48.
Bxg5 hxg5 49. Qxg5+ Kh7 50. Qf6 Qc8 51. g5 c5 52. bxc6 Rc7 53. b5 Kg8 54. Kg3
Qb8 55. Ra2 Ra7 56. Rh2 Qc7 57. h6 Kh7 58. Qg7+ 1-0

[Event "68th ch-RUS HL w 2018"]
[Site "Yaroslavl RUS"]
[Date "2018.07.03"]
[Round "7.22"]
[White "Kochukova, Anna"]
[Black "Alekseeva, Irina"]
[Result "1-0"]
[WhiteTitle "WFM"]
[WhiteElo "2170"]
[BlackElo "2065"]
[WhiteFideId "24173932"]
[BlackFideId "24178683"]
[EventDate "2018.06.26"]

1. e4 c5 2. Nf3 e6 3. d4 cxd4 4. Nxd4 Bc5 5. Nb5 Qb6 6. Be3 Nf6 7. e5 Ne4 8.
Bxc5 Qxc5 9. Qe2 a6 10. N5a3 Nxf2 11. Qxf2 Qxe5+ 12. Be2 Qxb2 13. Qc5 Nc6 14.
Qc3 Qxc3+ 15. Nxc3 b5 16. Ne4 f5 17. Nd6+ Ke7 18. O-O-O Nb4 19. Bf3 Rb8 20. Kb2
Rb6 21. c3 Nc6 22. Rhe1 Rf8 23. Rd3 Na5 24. Nxc8+ Rxc8 25. Nc2 Rc7 26. Nb4 Kf6
27. Red1 Nc4+ 28. Kb1 a5 29. Nc2 Ne5 30. Re3 g5 31. Be2 d5 32. g3 Rc5 33. Nd4
Nc4 34. Rf3 g4 35. Rf2 Ne5 36. Nb3 Rxc3 37. Nxa5 Nc4 38. Nb3 b4 39. Rc1 Ne3 40.
Nd4 Ke5 41. Nb3 Rbc6 42. Bb5 Rb6 43. Bf1 Kf6 44. Re1 e5 45. Nc1 d4 46. Rb2 Rbc6
47. Bb5 R6c5 48. Ba4 d3 49. Nb3 Nc2 50. Nxc5 Nxe1 51. Nd7+ Ke6 52. Rxb4 e4 53.
Rb6+ Ke7 54. Nf6 Rc5 55. Bb3 Re5 56. Nd5+ Kf8 57. Ne3 Kg7 58. a4 Nf3 59. Rb5 Kf6
60. Rxe5 Kxe5 61. a5 Kd6 62. a6 Kc6 63. Kc1 Nxh2 64. Be6 f4 65. gxf4 g3 66. Bd5+
Kb6 67. Bxe4 h5 68. f5 h4 69. f6 h3 70. f7 d2+ 71. Kd1 1-0

[Event "68th ch-RUS HL w 2018"]
[Site "Yaroslavl RUS"]
[Date "2018.07.03"]
[Round "7.23"]
[White "Mokshanova, Elizaveta"]
[Black "Dimitrova, Aleksandra"]
[Result "1/2-1/2"]
[WhiteTitle "WFM"]
[BlackTitle "WIM"]
[WhiteElo "2046"]
[BlackElo "2220"]
[WhiteFideId "24160679"]
[BlackFideId "24173371"]
[EventDate "2018.06.26"]

1. Nf3 Nf6 2. g3 b5 3. Bg2 Bb7 4. O-O e6 5. b3 Be7 6. c4 b4 7. a3 c5 8. axb4
cxb4 9. Bb2 O-O 10. d4 d5 11. Ne5 Qc7 12. Nd2 dxc4 13. Ndxc4 Bxg2 14. Kxg2 Nc6
15. Qd3 Rfd8 16. Rfc1 Nxe5 17. Nxe5 Qb7+ 18. Qf3 Rd5 19. Nc6 Bf8 20. Rc4 Rb5 21.
Rac1 a5 22. Ne5 Qxf3+ 23. Kxf3 a4 24. bxa4 Rba5 25. Rc7 Rxa4 26. Rb1 R4a7 27.
Rxa7 Rxa7 28. Nd3 Nd5 29. e4 Nc7 30. Bc1 Nb5 31. Nxb4 Nxd4+ 32. Ke3 e5 33. Nd3
f6 34. Rb8 Kf7 35. Bb2 Ne6 36. Bc3 Ra3 37. Bb2 Ra4 38. Rb7+ Kg6 39. f4 Nc5 40.
f5+ Kh6 41. Nxc5 Bxc5+ 42. Kf3 Rc4 1/2-1/2

[Event "68th ch-RUS HL w 2018"]
[Site "Yaroslavl RUS"]
[Date "2018.07.04"]
[Round "8.2"]
[White "Tomilova, Elena"]
[Black "Nechaeva, Marina"]
[Result "1-0"]
[WhiteTitle "WIM"]
[BlackTitle "IM"]
[WhiteElo "2334"]
[BlackElo "2410"]
[WhiteFideId "4162340"]
[BlackFideId "4149351"]
[EventDate "2018.06.26"]

1. e4 c6 2. d4 d5 3. exd5 cxd5 4. Bd3 Nc6 5. c3 Nf6 6. Bf4 Bg4 7. Qb3 e5 8. dxe5
Nh5 9. Be3 Nxe5 10. Bb5+ Nc6 11. Be2 Bxe2 12. Nxe2 Qd7 13. Nd2 Be7 14. O-O O-O
15. Nf3 Na5 16. Qc2 Nc4 17. Bd4 Rfd8 18. Rad1 Qc7 19. Rfe1 Bf6 20. Ng3 Bxd4 21.
Rxd4 Nxg3 22. hxg3 h6 23. Red1 Nb6 24. Nh4 Rd7 25. Nf5 h5 26. g4 g6 27. Ne3 hxg4
28. Rxg4 Re8 29. Rgd4 Kg7 30. Qd2 Red8 31. Rh4 Rd6 32. Ng4 Rh8 33. Qd4+ f6 34.
Rxh8 Kxh8 35. Nxf6 Qc4 36. Qe5 1-0

[Event "68th ch-RUS HL w 2018"]
[Site "Yaroslavl RUS"]
[Date "2018.07.04"]
[Round "8.3"]
[White "Bodnaruk, Anastasia"]
[Black "Charochkina, Daria"]
[Result "1-0"]
[WhiteTitle "IM"]
[BlackTitle "IM"]
[WhiteElo "2451"]
[BlackElo "2343"]
[WhiteFideId "4181751"]
[BlackFideId "4180917"]
[EventDate "2018.06.26"]

1. e4 c6 2. d4 d5 3. e5 Bf5 4. Nf3 e6 5. Be2 Nd7 6. O-O Ne7 7. Nbd2 h6 8. Nb3 g5
9. Ne1 Qc7 10. Nd3 Ng6 11. Be3 O-O-O 12. Ne1 Nf4 13. Bxf4 gxf4 14. Bd3 Bxd3 15.
Nxd3 c5 16. Nbxc5 Bxc5 17. dxc5 Nxe5 18. Re1 Ng6 19. b4 e5 20. b5 e4 21. b6 axb6
22. cxb6 Qd6 23. Nb2 f3 24. Re3 Nf4 25. g3 Nh3+ 26. Kf1 Qxb6 27. Qc1 Kb8 28. c4
Rhe8 29. Qc2 d4 30. Rb3 Qa7 31. Rb1 d3 32. Qd2 e3 33. fxe3 Rxe3 34. Rxb7+ Qxb7
35. Qxe3 f6 36. Qc1 Ka8 37. Nd1 Qa7 38. c5 Rc8 39. Qc4 Qe7 40. Qa6+ 1-0

[Event "68th ch-RUS HL w 2018"]
[Site "Yaroslavl RUS"]
[Date "2018.07.04"]
[Round "8.4"]
[White "Shuvalova, Polina"]
[Black "Galliamova, Alisa"]
[Result "0-1"]
[WhiteTitle "WIM"]
[BlackTitle "IM"]
[WhiteElo "2418"]
[BlackElo "2422"]
[WhiteFideId "24171760"]
[BlackFideId "4129725"]
[EventDate "2018.06.26"]

1. e4 c5 2. Nf3 Nc6 3. Bb5 d6 4. O-O Bd7 5. Re1 Nf6 6. h3 e5 7. c3 Be7 8. Bf1 g5
9. d4 g4 10. hxg4 Nxg4 11. Na3 Rg8 12. Be3 Rg6 13. dxc5 dxc5 14. Qb3 Na5 15. Qc2
Nxe3 16. Rxe3 Qc7 17. Nc4 Nxc4 18. Bxc4 b5 19. Bd5 Rb8 20. c4 b4 21. Rd1 Rg7 22.
b3 Kf8 23. Qb2 Bf6 24. Rdd3 h5 25. Nh2 h4 26. Qe2 Rb6 27. Rf3 Bc8 28. g3 Be7 29.
Rxf7+ Rxf7 30. Qh5 Bf6 31. Ng4 Bxg4 32. Qxg4 Rg7 33. Qh5 hxg3 34. Rf3 gxf2+ 35.
Kxf2 Ke7 36. Ke2 Qd6 37. Qh6 Rb8 38. Qh5 Rf8 39. Qh3 Qa6 40. Kd3 Qd6 41. Ke2 Qd7
42. Rf5 Rg5 43. Qh7+ Kd8 44. Qh6 Qg7 0-1

[Event "68th ch-RUS HL w 2018"]
[Site "Yaroslavl RUS"]
[Date "2018.07.04"]
[Round "8.5"]
[White "Kovalevskaya, Ekaterina"]
[Black "Vasilevich, Tatjana"]
[Result "1/2-1/2"]
[WhiteTitle "IM"]
[BlackTitle "IM"]
[WhiteElo "2402"]
[BlackElo "2360"]
[WhiteFideId "4116704"]
[BlackFideId "14101610"]
[EventDate "2018.06.26"]

1. e4 c5 2. Nf3 e6 3. d4 cxd4 4. Nxd4 Nf6 5. Nc3 d6 6. g3 Bd7 7. Bg2 Nc6 8. O-O
Be7 9. Ndb5 Qb8 10. Bg5 a6 11. Bxf6 gxf6 12. Nd4 O-O 13. Re1 Qc7 14. Nce2 Rac8
15. c3 b5 16. Nf4 Kh8 17. Nxc6 Bxc6 18. Qh5 Be8 19. Rad1 Rg8 20. a3 Rg5 21. Qe2
Qb6 22. Kh1 a5 23. h4 Rg8 24. Rc1 Bd7 25. Rc2 Rc5 26. Nd3 Rc7 27. Nf4 Bc8 28.
Qh5 Rg7 29. Kh2 Rc5 30. Qd1 Rc7 31. Nh5 Rg6 32. Nf4 Rg7 33. Nh5 Rg6 34. Nf4 Rg7
35. Nh5 Rg6 1/2-1/2

[Event "68th ch-RUS HL w 2018"]
[Site "Yaroslavl RUS"]
[Date "2018.07.04"]
[Round "8.6"]
[White "Dordzhieva, Dinara"]
[Black "Ovod, Evgenija"]
[Result "1-0"]
[WhiteTitle "WIM"]
[BlackTitle "IM"]
[WhiteElo "2274"]
[BlackElo "2360"]
[WhiteFideId "24157570"]
[BlackFideId "4131827"]
[EventDate "2018.06.26"]

1. Nf3 d5 2. g3 Nf6 3. Bg2 c5 4. O-O e6 5. d4 cxd4 6. Nxd4 e5 7. Nb3 Be6 8. c4
Nc6 9. cxd5 Nxd5 10. N1d2 Qc7 11. Ne4 Rd8 12. Bd2 Be7 13. Rc1 O-O 14. Nec5 Bc8
15. Qc2 b6 16. Ne4 Bb7 17. Ng5 Bxg5 18. Bxg5 f6 19. Bd2 Qf7 20. Rfd1 Rc8 21. Qb1
Rfd8 22. Be1 a5 23. e3 Ndb4 24. a3 Na6 25. Nd2 Nc5 26. Nc4 Qc7 27. b4 axb4 28.
axb4 Ne6 29. Qb3 Rxd1 30. Rxd1 Ncd8 31. Bxb7 Nxb7 32. Nd6 Rd8 33. Qxe6+ Kf8 34.
b5 Qe7 35. Qxe7+ Kxe7 36. Nf5+ Kf7 37. Rxd8 Nxd8 38. Nd6+ Ke6 39. Bb4 Kd5 40.
e4+ Kd4 41. Bd2 Kc5 42. Nc8 Kxb5 43. Be3 Kc4 44. Bxb6 Ne6 45. f3 Kd3 46. Kf2 h5
47. Ne7 h4 48. gxh4 Nf4 49. Kg3 Ke2 50. Kg4 Kf1 51. h5 Kg2 52. h4 Nxh5 53. Kxh5
Kxf3 54. Kg6 Kxe4 55. Kxg7 f5 56. h5 f4 57. h6 f3 58. h7 f2 59. Bxf2 1-0

[Event "68th ch-RUS HL w 2018"]
[Site "Yaroslavl RUS"]
[Date "2018.07.04"]
[Round "8.7"]
[White "Voit, Daria"]
[Black "Solozhenkina, Elizaveta"]
[Result "1-0"]
[WhiteTitle "FM"]
[BlackTitle "WIM"]
[WhiteElo "2380"]
[BlackElo "2258"]
[WhiteFideId "4182146"]
[BlackFideId "34106615"]
[EventDate "2018.06.26"]

1. d4 Nf6 2. Bg5 Ne4 3. Bf4 c5 4. f3 Qa5+ 5. c3 Nf6 6. Nd2 cxd4 7. Nb3 Qf5 8.
Bxb8 Rxb8 9. Qxd4 b6 10. e4 Qf4 11. Nh3 Qc7 12. e5 Ng8 13. Ng5 f6 14. exf6 gxf6
15. Ne4 Kf7 16. O-O-O e6 17. Ng3 Ne7 18. Bb5 Bh6+ 19. Kb1 d5 20. Rhe1 a6 21. Bd3
b5 22. Nh5 e5 23. Qh4 Rb6 24. Ng3 Kg7 25. Nh5+ Kf7 26. Qf2 Rc6 27. f4 Bg4 28.
Be2 Bf5+ 29. Ka1 Rxc3 30. g4 Rxb3 31. gxf5 Rb4 32. fxe5 Qxe5 33. Bf3 Re4 34.
Bxe4 dxe4 35. Qc2 Rc8 36. Qxe4 Qxe4 37. Rxe4 Nxf5 38. a3 Ne3 39. Rd6 Rc1+ 40.
Ka2 Rf1 41. Rxa6 Nc4 42. a4 Nd2 43. Ree6 Bg5 44. axb5 Rf2 45. Rxf6+ Bxf6 46.
Rxf6+ Rxf6 47. Nxf6 Nc4 48. Nxh7 1-0